| 000 | 00876nas a2200289 4500 | ||
|---|---|---|---|
| 001 | BR2014004193 | ||
| 003 | BR-BrBNA | ||
| 005 | 20231205124213.0 | ||
| 007 | ta | ||
| 008 | 230509b bl.|||p| |||| 00| 00por d | ||
| 040 |
_aBR-BrBNA _bpor _cBiblioteca Nacional de Agricultura |
||
| 041 | _a(Pt) | ||
| 072 | _aP01 | ||
| 100 | 1 | _aBrianezi, D. | |
| 100 | 1 | _aJacovine, A.G. | |
| 100 | 1 | _aSoares, C.P.B. | |
| 100 | 1 | _aGonçalves, W. | |
| 100 | 1 | _aRocha, S.J.S.S. da | |
| 245 | 1 | _aBalanço de emissões e remoções de gases de efeito estufa no campus da Universidade Federal de Viçosa | |
| 650 | _aMEIO AMBIENTE | ||
| 650 | _aFLORESTA | ||
| 650 | _aGÁS | ||
| 650 | _aZONA URBANA | ||
| 773 | 0 |
_tFloresta e Ambiente (Brazil) _xISSN 1415-0980 _g(Apr-Jun 2014), v. 21(2) p. 182-191 _wBR2014004193 |
|
| 909 |
_a202311 _bLúcia _c55 _dLúcia Elande |
||
| 942 |
_2AGRIS _n0 _cANA |
||
| 999 |
_c237842 _d237842 |
||